00349nam a2200121 a 450000500170000000800410001702000150005805000240007310000230009724500450012026000400016530000220020520140310183323.0060309s19uu xx 00 eng d a0440209862 aPS 3562b.L626 1998 aLescroart, John T. aThe vig /ca novel by John T. Lescroart. aNew York :bDell Publishing,c1998. a376 p. :c17 cm.